| 000 | 00632nam a2200157 a 4500 | ||
|---|---|---|---|
| 001 | 000033706 | ||
| 005 | 20200930070446.0 | ||
| 008 | 110906s1828 enkb 000 0 eng d | ||
| 040 |
_aDO-SdBNP _bspa _cBNPHU |
||
| 082 |
_axxx _bC193c |
||
| 100 | 1 |
_aCampe, Joachim Heinrich, _d1746-1818. _959156 |
|
| 245 | 1 | 0 |
_aColumbus, or the discovery of America : _bas related by a father to his children and designed for the instruction of youth / _ctranslated from the German of J.H. Campe by Elizabeth Helme. |
| 260 |
_aLondon : _bBaldwin and Craddock, _c1828. |
||
| 300 |
_aviii, 270 p. : _bmap ; _c18 cm. |
||
| 700 | 1 |
_aHelme, Elizabeth, _etr. _959157 |
|
| 999 |
_c33197 _d33197 |
||